000 00345 a2200157 4500
001 76045
020 _a9788547234089
040 _cAnchieta - Colégio São Paulo
100 _aSalvador, Edgard
240 1 0 _aQuímica 2
_lpor
245 1 0 _aQuímica 2
300 _a280
362 0 _a2018
650 4 _aQuímica e ciências afins
942 _cBK
999 _c76045
_d76045